Mnemosine novohispánica (Record no. 5667)

MARC details
000 -CABECERA
campo de control de longitud fija 00976nam a2200265 a 4500
001 - NÚMERO DE CONTROL
campo de control BRCA_5978
005 - FECHA Y HORA DE LA ÚLTIMA TRANSACCIÓN
campo de control 20190320205302.0
008 - DATOS DE LONGITUD FIJA--INFORMACIÓN GENERAL
campo de control de longitud fija 280311s2005----mx-a######---#000-0#spa-#
020 ## - NÚMERO INTERNACIONAL ESTÁNDAR DEL LIBRO
Número Internacional Estándar del Libro 9703215548
041 ## - CÓDIGO DE LENGUA
Código de lengua del texto/banda sonora o título independiente spa
044 ## - CÓDIGO DEL PAÍS DE LA ENTIDAD EDITORA/PRODUCTORA
Código MARC del país mx
050 #4 - SIGNATURA TOPOGRÁFICA DE LA BIBLIOTECA DEL CONGRESO
Número de clasificación BF385
Número de documento/Ítem .B34 2005
100 1# - ENTRADA PRINCIPAL--NOMBRE DE PERSONA
Nombre de persona Báez Rubí, Linda
9 (RLIN) 15098
245 10 - MENCIÓN DE TÍTULO
Título Mnemosine novohispánica
Resto del título retórica e imágenes en el siglo XVI
Mención de responsabilidad, etc. Linda Báez Rubí.
260 ## - PUBLICACIÓN, DISTRIBUCIÓN, ETC.
Lugar de publicación, distribución, etc. México
Nombre del editor, distribuidor, etc. UNAM, Instituto de Investigaciones Estéticas
Fecha de publicación, distribución, etc. 2005
300 ## - DESCRIPCIÓN FÍSICA
Extensión 393 p.
Otras características físicas il.
Dimensiones 23 cm.
440 #0 - MENCIÓN DE SERIE/PUNTO DE ACCESO ADICIONAL--TÍTULO
Título Estudios de arte y estética
Designación de volumen o secuencia 58
9 (RLIN) 15099
500 ## - NOTA GENERAL
Nota general Incluye abreviaturas empleadas, lista de figuras, índice de manuscritos, índice onomástico y bibliográfico e índice temático
504 ## - NOTA DE BIBLIOGRAFÍA, ETC.
Nota de bibliografía, etc. Bibliografía: p. 331-353
650 14 - PUNTO DE ACCESO ADICIONAL DE MATERIA--TÉRMINO DE MATERIA
Término de materia o nombre geográfico como elemento de entrada Mnemónica
9 (RLIN) 15100
650 14 - PUNTO DE ACCESO ADICIONAL DE MATERIA--TÉRMINO DE MATERIA
Término de materia o nombre geográfico como elemento de entrada Retorica
Subdivisión general Aspectos religiosos
9 (RLIN) 15101
650 14 - PUNTO DE ACCESO ADICIONAL DE MATERIA--TÉRMINO DE MATERIA
Término de materia o nombre geográfico como elemento de entrada Retorica
Subdivisión general Cristianismo - Historia
9 (RLIN) 15102
650 14 - PUNTO DE ACCESO ADICIONAL DE MATERIA--TÉRMINO DE MATERIA
Término de materia o nombre geográfico como elemento de entrada Imágenes, Interpretación de
9 (RLIN) 15103
942 ## - ELEMENTOS DE PUNTO DE ACCESO ADICIONAL (KOHA)
Fuente del sistema de clasificación o colocación Library of Congress Classification
Tipo de ítem Koha Libros
Holdings
Estado de retiro Estado de pérdida Estado dañado No para préstamo Localización permanente Ubicación/localización actual Fecha de adquisición Total de préstamos Signatura topográfica completa Código de barras Fecha visto por última vez Precio válido a partir de Tipo de ítem Koha
El ejemplar forma parte de la colección y puede ser consultado según las políticas vigentes.       Biblioteca del Museo Franz Mayer (Rogerio Casas-Alatriste) Biblioteca del Museo Franz Mayer (Rogerio Casas-Alatriste) 28/03/2011   BF385 .B34 2005 02521 22/03/2019 22/03/2019 Libros